000 00855nam a2200265 a 4500
001 BRCA_2696
005 20190320203928.0
008 021208s1961----mx-a---###---#000-0#eng-u
041 _aeng
044 _amx
050 4 _aF1211
_b.M39 1 1961
100 1 _aMayer, William
_97634
245 1 0 _aEarly Travellers in Mexico
_b1534 to 1816
_cWilliam Mayer.
260 _aMéxico
_bCultura
_c1961
300 _aix, 176 p.
_bil., mapas
_c23 cm.
500 _aIncluye índice de ilustraciones
500 _aLa biblioteca tiene 2 ejemplares con el mismo número de inventario. El ejemplar uno incluye dedicatoria a Franz Mayer por el autor
500 _aEjemplar igual a CEF71 e Y40
500 _aAA47
650 1 4 _aViajeros
_92677
651 4 _aMéxico
_xDescripción y viajes
_9103
651 4 _aMéxico
_xHistoria
_9614
902 _aGFM
942 _2lcc
_cB
999 _c2436
_d2436